Statystyki dla Losowe liczby w językach europejskich

Kliknij tutaj aby rozwiązać quiz!

Ogólne statystyki

  • Ten quiz został rozwiązany 444 razy
  • Średni wynik to 6 z 20

Statystyki odpowiedzi

JęzykLiczbaWyraz% Poprawnych
Włoski100cento
100%
Angielski50fifty
100%
Angielski9nine
100%
Angielski19nineteen
100%
Angielski16sixteen
100%
Angielski3three
100%
Francuski13treize
100%
Angielski12twelve
100%
Angielski20twenty
100%
Angielski28twenty eight
100%
Angielski27twenty seven
100%
Angielski23twenty three
100%
Włoski1uno
100%
Angielski24twenty four
89%
Angielski22twenty two
88%
Angielski33thirty three
86%
Niemiecki12zwölf
86%
Angielski8eight
83%
Angielski11eleven
83%
Niemiecki0null
83%
Włoski4quattro
83%
Angielski7seven
83%
Angielski35thirty five
83%
Angielski39thirty nine
83%
Angielski29twenty nine
83%
Hiszpański1uno
83%
Angielski14fourteen
80%
Angielski1one
80%
Angielski10ten
80%
Włoski3tre
80%
Niemiecki10zehn
80%
Angielski0zero
80%
Niemiecki2zwei
80%
Niemiecki8acht
78%
Angielski21twenty one
78%
Niemiecki28achtundzwanzig
75%
Niemiecki3drei
75%
Angielski45forty five
75%
Niemiecki19neunzehn
75%
Angielski90ninety
75%
Angielski70seventy
75%
Niemiecki70siebzig
75%
Angielski31thirty one
75%
Angielski37thirty seven
75%
Angielski1,000thousand
75%
Angielski25twenty five
75%
Niemiecki24vierundzwanzig
75%
Niemiecki32zweiunddreißig
75%
Angielski41forty one
71%
Angielski17seventeen
71%
Angielski4four
69%
Hiszpański2dos
67%
Angielski80eighty
67%
Niemiecki31einunddreißig
67%
Angielski43forty three
67%
Angielski100hundred
67%
Angielski1,000,000million
67%
Niemiecki46sechsundvierzig
67%
Niemiecki27siebenundzwanzig
67%
Angielski36thirty six
67%
Angielski2two
67%
Francuski1un
67%
Francuski25vingt-cinq
67%
Francuski0zéro
67%
Niemiecki80achtzig
63%
Hiszpański5cinco
60%
Niemiecki23dreiundzwanzig
60%
Angielski18eighteen
60%
Portugalski0zero
60%
Niemiecki5fünf
58%
Włoski0zero
58%
Niemiecki60sechzig
57%
Angielski13thirteen
57%
Hiszpański25veinticinco
57%
Niemiecki44vierundvierzig
57%
Angielski5five
56%
Hiszpański3tres
56%
Francuski2deux
50%
Niemiecki13dreizehn
50%
Niemiecki11elf
50%
Angielski15fifteen
50%
Angielski48forty eight
50%
Angielski49forty nine
50%
Angielski42forty two
50%
Niemiecki100hundert
50%
Francuski1,000,000million
50%
Niemiecki9neun
50%
Włoski9nove
50%
Niemiecki6sechs
50%
Niemiecki17siebzehn
50%
Angielski6six
50%
Angielski60sixty
50%
Angielski30thirty
50%
Angielski34thirty four
50%
Hiszpański29veintinueve
50%
Hiszpański21veintiuno
50%
Niemiecki4vier
50%
Niemiecki40vierzig
50%
Francuski20vingt
50%
Niemiecki42zweiundvierzig
50%
Francuski11onze
43%
Portugalski4quatro
43%
Włoski29ventinove
43%
Niemiecki48achtundvierzig
40%
Włoski2due
40%
Angielski100,000hundred thousand
40%
Hiszpański1,000mil
40%
Włoski40quaranta
40%
Francuski4quatre
40%
Niemiecki26sechsundzwanzig
40%
Portugalski6seis
40%
Francuski3trois
40%
Francuski23vingt-trois
40%
Niemiecki20zwanzig
40%
Niemiecki22zweiundzwanzig
40%
Hiszpański44cuarenta y cuatro
38%
Niemiecki1eins
38%
Angielski46forty six
38%
Angielski32thirty two
38%
Włoski5cinque
33%
Francuski19dix-neuf
33%
Niemiecki21einundzwanzig
33%
Angielski47forty seven
33%
Niemiecki45fünfundvierzig
33%
Francuski8huit
33%
Francuski9neuf
33%
Portugalski80oitenta
33%
Francuski45quarante-cinq
33%
Francuski90quatre-vingt dix
33%
Niemiecki16sechzehn
33%
Niemiecki47siebenundvierzig
33%
Angielski38thirty eight
33%
Francuski38trente-huit
33%
Francuski39trente-neuf
33%
Francuski36trente-six
33%
Portugalski3três
33%
Włoski25venticinque
33%
Hiszpański6seis
30%
Hiszpański19diecinueve
29%
Hiszpański18dieciocho
29%
Niemiecki15fünfzehn
29%
Hiszpański80ochenta
29%
Hiszpański8ocho
29%
Niemiecki7sieben
29%
Francuski6six
29%
Angielski10,000ten thousand
29%
Hiszpański20veinte
29%
Hiszpański27veintisiete
29%
Niemiecki34vierunddreißig
29%
Francuski37trente-sept
27%
Hiszpański0cero
25%
Hiszpański4cuatro
25%
Francuski17dix-sept
25%
Niemiecki30dreißig
25%
Angielski44forty four
25%
Niemiecki49neunundvierzig
25%
Niemiecki90neunzig
25%
Francuski43quarante-trois
25%
Włoski14quattordici
25%
Włoski6sei
25%
Francuski16seize
25%
Hiszpański70setenta
25%
Hiszpański32treinta y dos
25%
Francuski32trente-deux
25%
Angielski26twenty six
25%
Włoski26ventisei
25%
Włoski23ventitré
25%
Włoski18diciotto
22%
Niemiecki29neunundzwanzig
22%
Francuski27vingt-sept
22%
Niemiecki38achtunddreißig
20%
Hiszpański46cuarenta y seis
20%
Hiszpański43cuarenta y tres
20%
Hiszpański10,000diez mil
20%
Angielski40forty
20%
Francuski1,000mille
20%
Hiszpański90noventa
20%
Francuski14quatorze
20%
Francuski80quatre-vingts
20%
Francuski7sept
20%
Hiszpański33treinta y tres
20%
Włoski33trentatré
20%
Hiszpański26veintiséis
20%
Francuski22vingt-deux
20%
Francuski26vingt-six
20%
Niemiecki10,000zehntausend
20%
Francuski41quarante et un
18%
Francuski5cinq
17%
Hiszpański42cuarenta y dos
17%
Hiszpański49cuarenta y nueve
17%
Włoski10dieci
17%
Włoski10,000diecimila
17%
Hiszpański17diecisiete
17%
Francuski10dix
17%
Niemiecki43dreiundvierzig
17%
Niemiecki41einundvierzig
17%
Niemiecki25fünfundzwanzig
17%
Niemiecki39neununddreißig
17%
Włoski16sedici
17%
Włoski70settanta
17%
Niemiecki14vierzehn
17%
Francuski10,000dix-mille
14%
Portugalski1,000mil
14%
Włoski1,000mille
14%
Portugalski11onze
14%
Francuski42quarante-deux
14%
Hiszpański30treinta
14%
Hiszpański35treinta y cinco
14%
Hiszpański37treinta y siete
14%
Hiszpański31treinta y uno
14%
Francuski35trente-cinq
14%
Włoski38trentotto
14%
Hiszpański100,000cien mil
13%
Hiszpański50cincuenta
13%
Francuski49quarante-neuf
13%
Francuski15quinze
13%
Francuski100cent
11%
Włoski12dodici
11%
Portugalski2dois
11%
Niemiecki50fünfzig
11%
Niemiecki100,000hunderttausend
11%
Portugalski60sessenta
11%
Francuski70soixante-dix
11%
Włoski44quarantaquattro
10%
Francuski46quarante-six
10%
Włoski60sessanta
10%
Hiszpański13trece
9%
Niemiecki18achtzehn
0%
Hiszpański14catorce
0%
Portugalski14catorze
0%
Portugalski100cem
0%
Portugalski100,000cem mil
0%
Francuski100,000cent-mille
0%
Włoski100,000centomila
0%
Hiszpański100cien
0%
Portugalski5cinco
0%
Włoski50cinquanta
0%
Francuski50cinquante
0%
Portugalski50cinquenta
0%
Hiszpański40cuarenta
0%
Hiszpański45cuarenta y cinco
0%
Hiszpański48cuarenta y ocho
0%
Hiszpański47cuarenta y siete
0%
Hiszpański41cuarenta y uno
0%
Portugalski10dez
0%
Portugalski19dezanove
0%
Portugalski16dezasseis
0%
Portugalski17dezassete
0%
Portugalski10,000dez mil
0%
Portugalski18dezoito
0%
Włoski19diciannove
0%
Włoski17diciassette
0%
Hiszpański16dieciséis
0%
Hiszpański10diez
0%
Francuski18dix-huit
0%
Hiszpański12doce
0%
Francuski12douze
0%
Portugalski12doze
0%
Niemiecki33dreiunddreißig
0%
Niemiecki1,000,000eine Million
0%
Niemiecki35fünfunddreißig
0%
Hiszpański1,000,000millón
0%
Włoski90novanta
0%
Portugalski9nove
0%
Portugalski90noventa
0%
Hiszpański9nueve
0%
Portugalski8oito
0%
Hiszpański11once
0%
Włoski80ottanta
0%
Włoski8otto
0%
Włoski45quarantacinque
0%
Włoski42quarantadue
0%
Włoski49quarantanove
0%
Włoski46quarantasei
0%
Włoski47quarantasette
0%
Włoski43quarantatré
0%
Francuski40quarante
0%
Francuski48quarante-huit
0%
Francuski44quarante-quatre
0%
Francuski47quarante-sept
0%
Włoski48quarantotto
0%
Włoski41quarantuno
0%
Portugalski40quarenta
0%
Portugalski45quarenta e cinco
0%
Portugalski42quarenta e dois
0%
Portugalski49quarenta e nove
0%
Portugalski48quarenta e oito
0%
Portugalski44quarenta e quatro
0%
Portugalski46quarenta e seis
0%
Portugalski47quarenta e sete
0%
Portugalski43quarenta e três
0%
Portugalski41quarenta e um
0%
Hiszpański15quince
0%
Włoski15quindici
0%
Portugalski15quinze
0%
Niemiecki36sechsunddreißig
0%
Hiszpański60sesenta
0%
Portugalski7sete
0%
Portugalski70setenta
0%
Włoski7sette
0%
Niemiecki37siebenunddreißig
0%
Hiszpański7siete
0%
Francuski60soixante
0%
Niemiecki1,000tausend
0%
Włoski13tredici
0%
Hiszpański34treinta y cuatro
0%
Hiszpański39treinta y nueve
0%
Hiszpański38treinta y ocho
0%
Hiszpański36treinta y seis
0%
Włoski30trenta
0%
Włoski35trentacinque
0%
Włoski32trentadue
0%
Włoski39trentanove
0%
Włoski34trentaquattro
0%
Włoski36trentasei
0%
Włoski37trentasette
0%
Francuski30trente
0%
Francuski31trente et un
0%
Francuski34trente-quatre
0%
Francuski33trente-trois
0%
Włoski31trentuno
0%
Portugalski13treze
0%
Portugalski30trinta
0%
Portugalski35trinta e cinco
0%
Portugalski32trinta e dois
0%
Portugalski39trinta e nove
0%
Portugalski38trinta e oito
0%
Portugalski34trinta e quatro
0%
Portugalski36trinta e seis
0%
Portugalski37trinta e sete
0%
Portugalski33trinta e três
0%
Portugalski31trinta e um
0%
Portugalski1um
0%
Portugalski1,000,000um milhão
0%
Włoski11undici
0%
Włoski1,000,000un milione
0%
Hiszpański24veinticuatro
0%
Hiszpański22veintidós
0%
Hiszpański28veintiocho
0%
Hiszpański23veintitrés
0%
Włoski20venti
0%
Włoski22ventidue
0%
Włoski24ventiquattro
0%
Włoski27ventisette
0%
Włoski28ventotto
0%
Włoski21ventuno
0%
Francuski21vingt et un
0%
Francuski28vingt-huit
0%
Francuski29vingt-neuf
0%
Francuski24vingt-quatre
0%
Portugalski20vinte
0%
Portugalski25vinte e cinco
0%
Portugalski22vinte e dois
0%
Portugalski29vinte e nove
0%
Portugalski28vinte e oito
0%
Portugalski24vinte e quatro
0%
Portugalski26vinte e seis
0%
Portugalski27vinte e sete
0%
Portugalski23vinte e três
0%
Portugalski21vinte e um
0%

Rozkład punktacji

Percentyl według liczby udzielonych odpowiedzi

Procent ludzi z każdym wynikiem

Twoja historia wyników

Nie rozwiązałeś tego quizu